000 00341nam a2200157Ia 4500
003 Ost
005 20260225132540.0
008 260225s9999||||xx |||||||||||||| ||und||
040 _cfsic
041 _afre
082 _a811.6
100 _aEdwy planel
_eAuteur
245 0 _aUn temps de chien /
245 0 _cEdwy planel
942 _cكتاب
999 _c33485
_d33485